000 02056cam a22004454i 4500
003 PE-LiUPU
005 20250731175640.0
008 150706s r 000 0 d
020 _a9781405842914
035 _a(Sirsi) i9781405842914
040 _aPE-LiUPU
_bspa
_cPE-LiUPU
_erda
049 _aPRUA
082 0 4 _a428.6461
_bPR2 r
_221
100 1 _aAnónimo,
_eautor.
245 1 0 _aRobin Hood /
_ccontada por Liz Austin ; [ilustraciones por Chris Ryley].
264 1 _aHarlow :
_bPearson Education,
_c2008.
300 _a43 páginas :
_bilustraciones ;
_c20 cm.
300 _a01 CD-ROM
336 _atext
_2rdacontent
337 _aunmediated
_2rdamedia
338 _avolume
_2rdacarrier
490 0 _aPenguin Readers ;
_vLevel 2
505 0 _aRobin Fitzooth is born in sherwood forest -- The sheriff of nottingham finds Robin Hood -- At st Mary´s abbey -- The king´s deer -- Robin Hood meets little John -- Robin Hood helps sir Richard of Lee -- Sir Richard pays the abbot -- Lady Marian and the sheriff of nottingham -- The sheriff´s visit -- Marian goes to sherwood forest -- Robin Hood and friar tuck -- The two churchmen and the bags of gold -- Sir Richard of Lee comes back to the forest -- Robin Hood and the gold arrow -- The tall friar -- The last adventure.
526 _aP145
526 _aP127
526 _aP97
526 _aP35
526 _aP14
526 _aP07
541 _g002-0046574;
650 0 4 _aInglés
_vLibros de lectura.
700 1 _aAustin, Liz,
_econt.
700 1 _aRyley, Chris,
_eil.
910 _agl
_cjck
_d20120514
942 _2ddc
_cBOOK
949 _a428.6461 PR2 R
_wDEWEY
_c1
_i64611
_lCCODEBUL1
_mBUL
_p5.00
_r0
_sY
_tBOOK
_u2015-7-6
_xEDUCACION
_PP20
_o.STAFF. Colección General
994 _aC0
_bPEPRU
596 _a1
999 _a428.6461 PR2 R
_wDEWEY
_c53320
_i64611
_f2021-11-8
_g5
_lCCODEBUL1
_mBUL
_p5.00
_r0
_sY
_tBOOK
_u2015-7-6
_xEDUCACION
_PP20
_0COMPRA
_o.STAFF. Colección General
_d53320
980 _81
_gALBERTO SANCHEZ Responsable de Automatización